ბათუმის შოთა რუსთაველის სახელმწიფო უნივერსიტეტის ბიბლიოთეკა

Psycholinguistics (Cambridge Textbooks in Linguistics) (ბიბ.ჩანაწერი № 55383)

000 -LEADER
fixed length control field 00913nam a2200277Ia 4500
001 - CONTROL NUMBER
control field 22461
003 - CONTROL NUMBER IDENTIFIER
control field GE_BSU
008 - FIXED-LENGTH DATA ELEMENTS--GENERAL INFORMATION
fixed length control field 181216s||||||||xx |||||||||||||| ||und||
020 ## - INTERNATIONAL STANDARD BOOK NUMBER
International Standard Book Number ISBN: 0521276411 ISBN: 9780521276412
040 ## - CATALOGING SOURCE
Transcribing agency GE_BSU
080 ## - UNIVERSAL DECIMAL CLASSIFICATION NUMBER
Universal Decimal Classification number 81
100 ## - MAIN ENTRY--PERSONAL NAME
Personal name Garman,Michael.
245 ## - TITLE STATEMENT
Title Psycholinguistics (Cambridge Textbooks in Linguistics)
245 ## - TITLE STATEMENT
Statement of responsibility, etc. General editors: B.Comrie,R.Huddleston,R.Lass...And others
250 ## - EDITION STATEMENT
Edition statement First publihend
260 ## - PUBLICATION, DISTRIBUTION, ETC.
Place of publication, distribution, etc. Cambridge
260 ## - PUBLICATION, DISTRIBUTION, ETC.
Name of publisher, distributor, etc. Cambridge University Press,
260 ## - PUBLICATION, DISTRIBUTION, ETC.
Date of publication, distribution, etc. 1990
300 ## - PHYSICAL DESCRIPTION
Extent 512p; ill; 22 cm.
300 ## - PHYSICAL DESCRIPTION
Other physical details INDEX OF NAMES:p.500-505;SUBJECT INDEX:p.506-512
653 ## - INDEX TERM--UNCONTROLLED
Uncontrolled term Psycholinguistics (Cambridge Textbooks in Linguistics)
653 ## - INDEX TERM--UNCONTROLLED
Uncontrolled term ლინგვისტიკა,ენათმეცნიერება
653 ## - INDEX TERM--UNCONTROLLED
Uncontrolled term ფსიქოლინგვისტიკა
942 ## - ADDED ENTRY ELEMENTS (KOHA)
Koha item type წიგნი
ეგზემპლარები
Withdrawn status Lost status Source of classification or shelving scheme Damaged status Not for loan Permanent Location Current Location Shelving location Date acquired Cost, normal purchase price Full call number Barcode Date last seen Copy number Price effective from Koha item type Public note
          ბათუმის შოთა რუსთაველის სახელმწიფო უნივერსიტეტის მთავარი ბიბლიოთეკა ბათუმის შოთა რუსთაველის სახელმწიფო უნივერსიტეტის მთავარი ბიბლიოთეკა წიგნსაცავი 2018-12-17 159.00 81 G-18 57640 2018-12-17 57640 2018-12-17 წიგნი 159 ლ.
          ბათუმის შოთა რუსთაველის სახელმწიფო უნივერსიტეტის მთავარი ბიბლიოთეკა ბათუმის შოთა რუსთაველის სახელმწიფო უნივერსიტეტის მთავარი ბიბლიოთეკა წიგნსაცავი 2018-12-17 159.00 81 G-18 57641 2018-12-17 57641 2018-12-17 წიგნი 159 ლ.
          ბათუმის შოთა რუსთაველის სახელმწიფო უნივერსიტეტის მთავარი ბიბლიოთეკა ბათუმის შოთა რუსთაველის სახელმწიფო უნივერსიტეტის მთავარი ბიბლიოთეკა წიგნსაცავი 2018-12-17 159.00 81 G-18 57642 2018-12-17 57642 2018-12-17 წიგნი 159 ლ.
          ბათუმის შოთა რუსთაველის სახელმწიფო უნივერსიტეტის მთავარი ბიბლიოთეკა ბათუმის შოთა რუსთაველის სახელმწიფო უნივერსიტეტის მთავარი ბიბლიოთეკა წიგნსაცავი 2018-12-17 159.00 81 G-18 57643 2018-12-17 57643 2018-12-17 წიგნი 159 ლ.
          ბათუმის შოთა რუსთაველის სახელმწიფო უნივერსიტეტის მთავარი ბიბლიოთეკა ბათუმის შოთა რუსთაველის სახელმწიფო უნივერსიტეტის მთავარი ბიბლიოთეკა   2018-12-17 159.00 81 G-18 57644 2018-12-17 57644 2018-12-17 წიგნი 159 ლ.
          ბათუმის შოთა რუსთაველის სახელმწიფო უნივერსიტეტის მთავარი ბიბლიოთეკა ბათუმის შოთა რუსთაველის სახელმწიფო უნივერსიტეტის მთავარი ბიბლიოთეკა წიგნსაცავი 2022-06-24 20.00 81 1382 2022-06-24 1382 2022-06-24 წიგნი 20 ლ.